Statistics for Keira Knightley Filmography

Click here to take the quiz!

General Stats

  • This quiz has been taken 159 times
    (7 since last reset)
  • The average score is 27 of 74

Answer Stats

TypeYearName% Correct
Video Game2003Pirates of the Caribbean
100%
Film2007Pirates of the Caribbean: At World's End
100%
Film2003Pirates of the Caribbean: The Curse of the Black Pearl
100%
Film2005Pride & Prejudice
100%
Film2006Pirates of the Caribbean: Dead Man's Chest
86%
Film2003Love Actually
71%
Film2017Pirates of the Caribbean: Dead Men Tell No Tales
71%
Film1999Star Wars: Episode I - The Phantom Menace
71%
Film2014The Imitation Game
71%
Film2012Anna Karenina
57%
Film2007Atonement
57%
Film2002Bend It Like Beckham
57%
Film2023Boston Strangler
57%
Film2005Domino
57%
Film2008The Duchess
57%
Film2018The Nutcracker and the Four Realms
57%
Film2011A Dangerous Method
43%
Film2013Begin Again
43%
TV Mini-Series2002Doctor Zhivago
43%
Film2015Everest
43%
Film2014Jack Ryan: Shadow Recruit
43%
Film2004King Arthur
43%
Film2014Laggies
43%
Film2010London Boulevard
43%
Film2020Misbehaviour
43%
TV Mini-Series2011Neverland
43%
Short Film2002New Year's Eve
43%
Film2012Seeking a Friend for the End of the World
43%
Film2021Silent Night
43%
Film2019The Aftermath
43%
TV Short20212020: The Movie
29%
Film2019Berlin, I Love You
29%
Web SeriesTBABlack Doves
29%
Film2021Charlotte
29%
Commercial2007-PresentCoco Mademoiselle: Chanel
29%
Film2016Collateral Beauty
29%
TV Mini-Series1998Coming Home
29%
FilmTBAConception
29%
Film2010Never Let Me Go
29%
Film2019Official Secrets
29%
TV Mini-Series1999Oliver Twist
29%
Short Film2013Once Upon a Time...
29%
TV Film2001Princess of Thieves
29%
TV Short2017Red Nose Day Actually
29%
TV Show1993Screen One
29%
Film2007Silk
29%
Short Film2010Steve
29%
Film2008The Edge of Love
29%
Film2001The Hole
29%
Film2005The Jacket
29%
Radio Play2000A High Wind in Jamaica
14%
TV Film1995A Village Affair
14%
TV Show2013Celebrity Style Story
14%
Film2018Colette
14%
Short Film2001Deflation
14%
Short Film2003Gaijin
14%
Film1995Innocent Lies
14%
Film2010Last Night
14%
Music Video2017Let Her Love In
14%
Film2010Maze
14%
TV Show2005My Shot with
14%
Film2002Pure
14%
TV Short2007Robbie the Reindeer in Close Encounters of the Herd Kind
14%
TV Show1995The Bill
14%
Theater2011The Children's Hour
14%
Short Film2009The Continuing and Lamenting Saga of the Suicide Brothers
14%
Theater2009-2010The Misanthrope
14%
Theater2015-2016Thérèse Raquin
14%
TV Show2002The Saturday Show
14%
Short Film2002The Seasons Alter
14%
Web SeriesTBAThe Sound Collector
14%
TV Film1996The Treasure Seekers
14%
Film2002Thunderpants
14%
Radio Play1999Villette
14%

Score Distribution

Percentile by Number Answered

Percent of People with Each Score

Your Score History

You have not taken this quiz since the last reset